How Many States In Between? - Statistics

General Stats
  • This quiz has been taken 5 times
  • The average score is 12 of 25
Answer Stats
Hint Explanation Answer % Correct
Vermont to Maryland VT>NY>PA>MD 2
80%
Kentucky to Oregon KY>MO>OK>CO>WY>ID>OR 5
80%
Tennessee to Arkansas Shares a land border 0
60%
New Jersey to Delaware Shares an artificial land border 0
60%
Oklahoma to Colorado Shares a land border 0
60%
New Hampshire to Connecticut NH>MA>CT 1
60%
Iowa to Indiana IO>IL>IN 1
60%
Nevada to Wyoming NV>UT>WY 1
60%
California to Montana CA>NV>ID>MT 2
60%
Ohio to Mississippi OH>KY>TN>MS 2
60%
Rhode Island to Florida RI>CT>NY>PA>WV>VA>NC>GA>FL 7
60%
Maine to Arizona ME>NH>VT>NY>PA>OH>KY>MO>OK>NM>AZ 9
60%
Alaska to Hawaii Neither are directly connected by land to another US state Not drivable
60%
Nebraska to Utah NE>CO>UT 1
40%
North Dakota to Michigan ND>MN>WS>MI 2
40%
New York to North Carolina NY>PA>WV>VA>NC 3
40%
Georgia to New Mexico GA>TN>AK>TX>NM 3
40%
Massachusetts to Virginia MA>NY>PA>WV>VA 3
40%
West Virginia to Louisiana WV>KY>TN>MS>LA 3
40%
Pennsylvania to Alabama PA>WV>KY>TN>AL 3
40%
Washington to Wisconsin WA>ID>MT>ND>MS>WS 4
40%
Missouri to Minnesota MO>IO>MN 1
20%
Illinois to Texas IL>MO>AK>TX 2
20%
Idaho to Kansas ID>WY>CO>KS 2
20%
South Dakota to South Carolina SD>IO>MO>TN>NC>SC 4
20%
No matching quizzes found
Score Distribution
Percent of People with Each Score
Percentile by Number Answered
Your Score History
You have not taken this quiz